| 000 | 00793 a2200205 4500 | ||
|---|---|---|---|
| 003 | Nust | ||
| 005 | 20170207153411.0 | ||
| 020 | _a0864990056 | ||
| 040 | _cNust | ||
| 082 | _a355.02 | ||
| 100 | _aSaad El-Shazly | ||
| 245 |
_aThe crossing of SUEZ the October war 1973 _cGeneral Saad El-Shazly |
||
| 250 | _a1st ed | ||
| 260 |
_aThird world center for research and publishing _bLondon _c1980 |
||
| 300 |
_a231, p; _billus _c18 cm |
||
| 505 | _aThe Barrier (Page-13) Serving (page-15) Planning (page-18) Rebuilding (Page-33) Political Diary (Page-64) The Lull Before the Storm (Page-136) War (Page-149) Helping Hands (Page-184) Aftermath (APge-190) scapegoats (Page-197) | ||
| 538 | _aAlmirah No.52, Shelf No.6 | ||
| 600 | _aSaad El-Shazly | ||
| 650 | _aThe crossing of SUEZ the October war 1973 | ||
| 942 |
_2ddc _cBK |
||
| 999 |
_c185402 _d185402 |
||